[Event "Swiss Queens Wed #9"]
[Site "FIDE Online Arena INT"]
[Date "2024.03.27"]
[Round "1"]
[White "Injac, Teodora"]
[Black "Pinto, Niyola"]
[Result "1-0"]
[WhiteElo "2434"]
[BlackElo "1409"]
[PlyCount "65"]
[EventDate "2024.03.27"]
[EventType "swiss (blitz)"]
[EventRounds "11"]
[EventCountry "NET"]
[SourceTitle "CB14_2024"]
[SourceDate "2024.04.01"]
[SourceVersion "1"]
[SourceVersionDate "2024.04.01"]
[SourceQuality "1"]

1. d4 d5 2. c4 e6 3. Nc3 c6 4. e3 Bd6 5. Nf3 f5 6. Bd3 Nf6 7. 0-0 0-0 8. b3 Ne4 9. Bb2 Rf6 10. Ne5 Nd7 11. f4 Rh6 12. Nxe4 fxe4 13. Be2 Qc7 14. Rc1 b6 15. cxd5 exd5 16. Nxc6 Qb7 17. Bg4 Nf6 18. Be2 Bd7 19. Ne5 Rc8 20. Qd2 Rxc1 21. Rxc1 b5 22. Qc2 a5 23. Nxd7 Qxd7 24. Qc8+ Qxc8 25. Rxc8+ Kf7 26. h3 a4 27. Bxb5 axb3 28. axb3 Bb4 29. Rb8 Rg6 30. Kf2 Bd2 31. Bc6 Ke7 32. Ba3+ Kf7 33. f5 1-0

[Event "Reykjavik op"]
[Site "Reykjavik"]
[Date "2024.03.16"]
[Round "2"]
[White "Injac, Teodora"]
[Black "Morin, Yves"]
[Result "1-0"]
[WhiteElo "2434"]
[BlackElo "2166"]
[PlyCount "59"]
[EventDate "2024.03.15"]
[EventType "swiss"]
[EventRounds "9"]
[EventCountry "ISL"]
[SourceTitle "CB13_2024"]
[SourceDate "2024.03.27"]
[SourceVersion "1"]
[SourceVersionDate "2024.03.27"]
[SourceQuality "1"]

1. Nf3 d6 2. d4 Bg4 3. c4 Bxf3 4. exf3 g6 5. h4 Nf6 6. Nc3 Bg7 7. g4 Nc6 8. d5 Ne5 9. h5 Rf8 10. Be2 c6 11. f4 Ned7 12. hxg6 hxg6 13. g5 Ng8 14. Be3 Bxc3+ 15. bxc3 c5 16. f5 gxf5 17. Rb1 Qc7 18. Qc2 0-0-0 19. Qxf5 Kb8 20. Rh7 Ne5 21. f4 Qd7 22. Qxd7 Nxd7 23. Kd2 Kc7 24. Rbh1 a6 25. Bd3 Rb8 26. a4 Kb6 27. Rg7 Ka5 28. Kc2 Nb6 29. Rhh7 f6 30. g6 1-0

[Event "Swiss Queens Wed #6"]
[Site "FIDE Online Arena INT"]
[Date "2024.03.06"]
[Round "5"]
[White "Gong, Qianyun"]
[Black "Injac, Teodora"]
[Result "0-1"]
[WhiteElo "2267"]
[BlackElo "2434"]
[PlyCount "138"]
[EventDate "2024.03.06"]
[EventType "swiss (blitz)"]
[EventRounds "11"]
[EventCountry "NET"]
[SourceTitle "CB11_2024"]
[SourceDate "2024.03.13"]
[SourceVersion "1"]
[SourceVersionDate "2024.03.13"]
[SourceQuality "1"]

1. e4 e5 2. Nf3 Nc6 3. Bc4 Bc5 4. c3 Nf6 5. d4 exd4 6. e5 d5 7. Bb5 Ne4 8. cxd4 Bb6 9. Nc3 0-0 10. Be3 Bg4 11. h3 Bh5 12. Qc2 Nxc3 13. Bxc6 Nxa2 14. Rxa2 bxc6 15. Nd2 f6 16. exf6 Qxf6 17. 0-0 Bxd4 18. Bxd4 Qxd4 19. Ra3 Rae8 20. Nb3 Qf6 21. Rxa7 Re2 22. Qc5 Rxb2 23. Nc1 Qg6 24. Ra3 Bf3 25. g3 Rc2 26. Qd4 c5 27. Qe5 Be4 28. Re3 Qf5 29. Qxf5 Bxf5 30. g4 Be4 31. Ne2 Bg6 32. Ng3 d4 33. Re7 d3 34. f4 d2 35. f5 Rc1 36. Rd7 Rxf1+ 37. Kxf1 c4 38. Rxd2 Bf7 39. Ke2 Re8+ 40. Kd1 c6 41. Ne2 Bd5 42. Nf4 Re5 43. Kc2 Kf7 44. Ne2 Re3 45. Nd4 Rxh3 46. Re2 Kf6 47. Ne6 h6 48. Nf4 Rf3 49. Nh5+ Kf7 50. Re5 Rd3 51. Nf4 Rd4 52. Ng6 Kf6 53. Re8 Rxg4 54. Rf8+ Kg5 55. Ne7 Rg2+ 56. Kc3 Rg3+ 57. Kd4 h5 58. f6 gxf6 59. Nxd5 cxd5 60. Kxd5 h4 61. Ke4 f5+ 62. Ke5 Kg4 63. Rg8+ Kf3 64. Rh8 h3 65. Kxf5 Kg2 66. Ke4 h2 67. Kd4 h1Q 68. Rxh1 Kxh1 69. Kxc4 Kg2 0-1

[Event "Swiss Queens Wed #6"]
[Site "FIDE Online Arena INT"]
[Date "2024.03.06"]
[Round "6"]
[White "Injac, Teodora"]
[Black "Gomez Barrera, Javiera Belen"]
[Result "1/2-1/2"]
[WhiteElo "2434"]
[BlackElo "2217"]
[PlyCount "106"]
[EventDate "2024.03.06"]
[EventType "swiss (blitz)"]
[EventRounds "11"]
[EventCountry "NET"]
[SourceTitle "CB11_2024"]
[SourceDate "2024.03.13"]
[SourceVersion "1"]
[SourceVersionDate "2024.03.13"]
[SourceQuality "1"]

1. Nf3 Nf6 2. c4 g6 3. Nc3 Bg7 4. g3 d6 5. d4 0-0 6. Bg2 Nc6 7. 0-0 e5 8. h3 exd4 9. Nxd4 Nxd4 10. Qxd4 a5 11. Qd3 a4 12. Bg5 h6 13. Be3 a3 14. b3 Nd7 15. Rac1 Nc5 16. Qd2 Bf5 17. Bxh6 Bxh6 18. Qxh6 Re8 19. h4 Ne4 20. Nd5 c6 21. Ne3 Bd7 22. h5 Qf6 23. hxg6 fxg6 24. Rcd1 Ra5 25. Qf4 Qxf4 26. gxf4 Nc3 27. Rd2 Rh5 28. Rc1 Ne4 29. Bxe4 Rxe4 30. Rxd6 Bh3 31. Rxg6+ Kf7 32. Rg5 Rh8 33. Rd1 Rxf4 34. f3 Be6 35. Kf2 Rh2+ 36. Rg2 Rh7 37. Rd8 Rh1 38. Ra8 Bh3 39. Rgg8 Rd4 40. Rh8 Rd2 41. Rxa3 Rh2+ 42. Kg3 Rhxe2 43. Rxh3 Rxe3 44. Rh7+ Kg6 45. Rxb7 Rdd3 46. Ra6 Rxf3+ 47. Kg2 Rg3+ 48. Kf2 Rgf3+ 49. Ke2 Rfe3+ 50. Kf2 Rf3+ 51. Kg2 Rg3+ 52. Kh2 Rh3+ 53. Kg2 Rhg3+ 1/2-1/2

[Event "Swiss Queens Wed #6"]
[Site "FIDE Online Arena INT"]
[Date "2024.03.06"]
[Round "7"]
[White "Mikhaylova, Irina"]
[Black "Injac, Teodora"]
[Result "0-1"]
[WhiteElo "2169"]
[BlackElo "2434"]
[PlyCount "68"]
[EventDate "2024.03.06"]
[EventType "swiss (blitz)"]
[EventRounds "11"]
[EventCountry "NET"]
[SourceTitle "CB11_2024"]
[SourceDate "2024.03.13"]
[SourceVersion "1"]
[SourceVersionDate "2024.03.13"]
[SourceQuality "1"]

1. d4 Nf6 2. Nf3 g6 3. c4 Bg7 4. Nc3 0-0 5. e4 d6 6. Be2 Na6 7. 0-0 e5 8. Be3 c6 9. d5 c5 10. Nd2 Ne8 11. Rb1 f5 12. f3 f4 13. Bf2 g5 14. a3 h5 15. b4 b6 16. bxc5 Nxc5 17. Na4 Nf6 18. Nxc5 bxc5 19. Qa4 Bd7 20. Qa6 Ne8 21. h3 Rf6 22. Nb3 Rg6 23. Nxc5 g4 24. fxg4 hxg4 25. hxg4 Bxg4 26. Ne6 Qf6 27. Bxg4 Rxg4 28. Rb3 Qg6 29. g3 fxg3 30. Be3 g2 31. Rf2 Qxe4 32. c5 Qxd5 33. Nxg7 Qd1+ 34. Kh2 Qh1# 0-1

[Event "Swiss Queens Wed #6"]
[Site "FIDE Online Arena INT"]
[Date "2024.03.06"]
[Round "3"]
[White "Mkrtchyan, Mariam"]
[Black "Injac, Teodora"]
[Result "1/2-1/2"]
[WhiteElo "2352"]
[BlackElo "2434"]
[PlyCount "51"]
[EventDate "2024.03.06"]
[EventType "swiss (blitz)"]
[EventRounds "11"]
[EventCountry "NET"]
[SourceTitle "CB11_2024"]
[SourceDate "2024.03.13"]
[SourceVersion "1"]
[SourceVersionDate "2024.03.13"]
[SourceQuality "1"]

1. Nf3 Nf6 2. g3 b6 3. Bg2 Bb7 4. c4 g6 5. 0-0 Bg7 6. d4 0-0 7. b3 d6 8. Bb2 Nbd7 9. Nbd2 Ne4 10. Qc2 Nxd2 11. Qxd2 e6 12. Rfe1 Be4 13. Rad1 Qe7 14. Bf1 Bxf3 15. exf3 Qf6 16. f4 d5 17. Bg2 c6 18. Rc1 Rac8 19. Rc2 Rfd8 20. Rec1 dxc4 21. Rxc4 c5 22. R4c2 Qe7 23. Qe1 Nf8 24. dxc5 Bxb2 25. Rxb2 Rxc5 26. Rbc2 1/2-1/2

[Event "Swiss Queens Wed #5"]
[Site "FIDE Online Arena INT"]
[Date "2024.02.28"]
[Round "8"]
[White "Injac, Teodora"]
[Black "Gunina, Valentina"]
[Result "0-1"]
[WhiteElo "2439"]
[BlackElo "2437"]
[PlyCount "80"]
[EventDate "2024.02.28"]
[EventType "swiss (blitz)"]
[EventRounds "11"]
[EventCountry "NET"]
[SourceTitle "CB10_2024"]
[SourceDate "2024.03.06"]
[SourceVersion "1"]
[SourceVersionDate "2024.03.06"]
[SourceQuality "1"]

1. d4 d5 2. Nf3 Nf6 3. c4 c6 4. g3 Bf5 5. Bg2 e6 6. 0-0 Nbd7 7. Nc3 Be7 8. Nd2 0-0 9. e4 dxe4 10. Ndxe4 Nxe4 11. Nxe4 Qb6 12. c5 Qa6 13. Re1 Rad8 14. Bf1 Qa5 15. Bd2 Qc7 16. Qf3 Bxe4 17. Qxe4 Nxc5 18. Qg4 Nd7 19. Bd3 Nf6 20. Qh4 c5 21. Bf4 Qd7 22. Be5 h6 23. Rad1 cxd4 24. Bxd4 Qxd4 25. Bh7+ Nxh7 26. Qxd4 Rxd4 27. Rxd4 Nf6 28. Re5 Rc8 29. Kg2 a6 30. Re2 Rc7 31. h3 h5 32. g4 hxg4 33. hxg4 g6 34. a3 Kg7 35. Kg3 Nd5 36. Kf3 Bf6 37. Rd1 Rc4 38. Re4 Rxe4 39. Kxe4 Bxb2 40. Rb1 Nc3+ 0-1

[Event "Swiss Queens Wed #5"]
[Site "FIDE Online Arena INT"]
[Date "2024.02.28"]
[Round "1"]
[White "Injac, Teodora"]
[Black "Nevska, Gerda"]
[Result "1-0"]
[WhiteElo "2439"]
[BlackElo "1787"]
[PlyCount "107"]
[EventDate "2024.02.28"]
[EventType "swiss (blitz)"]
[EventRounds "11"]
[EventCountry "NET"]
[SourceTitle "CB10_2024"]
[SourceDate "2024.03.06"]
[SourceVersion "1"]
[SourceVersionDate "2024.03.06"]
[SourceQuality "1"]

1. g3 d5 2. Bg2 Nc6 3. d4 Nf6 4. Nf3 g6 5. 0-0 Bg7 6. c4 Bg4 7. Ne5 Nxe5 8. dxe5 Nd7 9. h3 Bf5 10. cxd5 Nxe5 11. Nc3 0-0 12. e4 Bd7 13. f4 Nc4 14. Qe2 b5 15. Kh2 c6 16. Rd1 Qb6 17. e5 Rad8 18. b3 Na5 19. Be3 Qb7 20. Rac1 cxd5 21. Nxd5 Bc6 22. Nb4 Bxg2 23. Qxg2 Qxg2+ 24. Kxg2 Rxd1 25. Rxd1 Rc8 26. Rd7 Nc6 27. Nxc6 Rxc6 28. Rd8+ Bf8 29. Kf3 Kg7 30. Bxa7 Ra6 31. Bd4 Rxa2 32. Rb8 Rd2 33. Be3 Rd3 34. Rxb5 e6 35. Ke4 Rc3 36. g4 Rc2 37. Rb7 Re2 38. Kd3 Rh2 39. b4 Rxh3 40. g5 Rh1 41. b5 Rb1 42. b6 Rb3+ 43. Ke4 Rb4+ 44. Kd3 Rb3+ 45. Kd2 Rb2+ 46. Kc3 Rb1 47. Rb8 Bb4+ 48. Kc4 Ba5 49. Bc5 Rc1+ 50. Kb5 Bxb6 51. Kxb6 Rc4 52. Bf8+ Kg8 53. Bh6+ Rc8 54. Rxc8# 1-0

[Event "Swiss Queens Wed #5"]
[Site "FIDE Online Arena INT"]
[Date "2024.02.28"]
[Round "7"]
[White "Osmak, Iulija"]
[Black "Injac, Teodora"]
[Result "0-1"]
[WhiteElo "2452"]
[BlackElo "2439"]
[PlyCount "74"]
[EventDate "2024.02.28"]
[EventType "swiss (blitz)"]
[EventRounds "11"]
[EventCountry "NET"]
[SourceTitle "CB10_2024"]
[SourceDate "2024.03.06"]
[SourceVersion "1"]
[SourceVersionDate "2024.03.06"]
[SourceQuality "1"]

1. c4 Nf6 2. Nc3 g6 3. d4 Bg7 4. e4 d6 5. Be2 0-0 6. Be3 Nc6 7. Nf3 Bg4 8. 0-0 e5 9. d5 Bxf3 10. Bxf3 Nd4 11. Bxd4 exd4 12. Qxd4 Re8 13. Qd2 Nd7 14. Rae1 a5 15. Bd1 Nc5 16. Bc2 a4 17. a3 c6 18. Re2 Qb6 19. dxc6 bxc6 20. Qxd6 Red8 21. Qe7 Re8 22. Qd6 Be5 23. Qd1 Qxb2 24. Nxa4 Qxa3 25. Nxc5 Qxc5 26. Qd3 Red8 27. Qf3 Ra3 28. Qg4 h5 29. Qh4 Rd4 30. g3 Rxc4 31. Bb1 Kg7 32. Qd8 Ra1 33. Ree1 Bd4 34. Kg2 Rb4 35. Qh4 Rb2 36. Qf4 Be5 37. Qf3 Ra3 0-1

[Event "SRB-ch sf"]
[Site "Paracin"]
[Date "2024.02.10"]
[Round "8"]
[White "Stankovic, Boris"]
[Black "Injac, Teodora"]
[Result "1/2-1/2"]
[WhiteElo "2310"]
[BlackElo "2439"]
[PlyCount "129"]
[EventDate "2024.02.05"]
[EventType "swiss"]
[EventRounds "9"]
[EventCountry "SRB"]
[SourceTitle "CB07_2024"]
[SourceDate "2024.02.14"]
[SourceVersion "1"]
[SourceVersionDate "2024.02.14"]
[SourceQuality "1"]

1. e4 e5 2. Nf3 Nc6 3. Nc3 Nf6 4. g3 d5 5. exd5 Nxd5 6. Bg2 Nxc3 7. bxc3 Bc5 8. 0-0 0-0 9. Re1 h6 10. d3 Qf6 11. Be3 Bb6 12. Nd2 Bd7 13. a4 Rfe8 14. Qh5 Na5 15. Ne4 Qf5 16. Qxf5 Bxf5 17. c4 Bxe3 18. Rxe3 f6 19. Nc5 Rab8 20. Rae1 Kf8 21. Be4 Bxe4 22. Rxe4 Kf7 23. h4 Rbc8 24. R4e3 b6 25. Ne4 Nc6 26. c3 Red8 27. g4 Rd7 28. Rf3 Rcd8 29. Ree3 Ne7 30. h5 Kg8 31. Kf1 Nc6 32. Ke2 Rf8 33. Kd2 Nd8 34. Kc2 Ne6 35. Ng3 c5 36. Nf5 Rfd8 37. Nxh6+ gxh6 38. Rxf6 Ng5 39. Rxh6 Nf7 40. Re6 Kh7 41. a5 Rd6 42. Re7 Rf6 43. f3 Kh6 44. Rxa7 bxa5 45. Rxa5 Rc8 46. Kd2 Rb6 47. Re2 Ng5 48. Ke3 Rf8 49. Rf2 Rc6 50. Rf1 Rf7 51. Ke2 Ne6 52. Rfa1 Rf6 53. Ke3 Ng5 54. Rf1 Rc7 55. Rf2 Rc8 56. Rf1 Rc7 57. Rf2 Rc8 58. Ra7 Rcc6 59. Re7 Ne6 60. Ke4 Ng5+ 61. Ke3 Ne6 62. Rb2 Ng5 63. Rf2 Ne6 64. Rf1 Ra6 65. Rb1 1/2-1/2

[Event "SRB-ch sf"]
[Site "Paracin"]
[Date "2024.02.06"]
[Round "3"]
[White "Injac, Teodora"]
[Black "Djordjevic, Vuk D"]
[Result "0-1"]
[WhiteElo "2439"]
[BlackElo "2367"]
[PlyCount "62"]
[EventDate "2024.02.05"]
[EventType "swiss"]
[EventRounds "9"]
[EventCountry "SRB"]
[SourceTitle "CB07_2024"]
[SourceDate "2024.02.14"]
[SourceVersion "1"]
[SourceVersionDate "2024.02.14"]
[SourceQuality "1"]

1. d4 Nf6 2. c4 e6 3. Nc3 Bb4 4. e3 0-0 5. Bd3 d5 6. a3 Bxc3+ 7. bxc3 c5 8. cxd5 Nxd5 9. Ne2 Nc6 10. 0-0 Nde7 11. c4 Ng6 12. Bb2 b6 13. Qc2 Bb7 14. dxc5 Qg5 15. Ng3 Qxc5 16. Qc3 f6 17. Ne4 Qe7 18. Bc2 Nce5 19. f4 Nf7 20. a4 Rfd8 21. Ba3 Qc7 22. Rf2 Nh6 23. h3 Rac8 24. Nd2 Nf5 25. Rc1 Ngh4 26. Bb1 Qd7 27. Ne4 Bxe4 28. Bxe4 Qxa4 29. Kh2 b5 30. Qb2 Nxe3 31. cxb5 Qxe4 0-1

[Event "SRB-ch sf"]
[Site "Paracin"]
[Date "2024.02.05"]
[Round "1"]
[White "Pogorelskikh, Sofia"]
[Black "Injac, Teodora"]
[Result "1/2-1/2"]
[WhiteElo "2176"]
[BlackElo "2439"]
[PlyCount "64"]
[EventDate "2024.02.05"]
[EventType "swiss"]
[EventRounds "9"]
[EventCountry "SRB"]
[SourceTitle "CB07_2024"]
[SourceDate "2024.02.14"]
[SourceVersion "1"]
[SourceVersionDate "2024.02.14"]
[SourceQuality "1"]

1. e4 c5 2. Nf3 d6 3. d4 cxd4 4. Nxd4 Nf6 5. f3 Nc6 6. c4 Qb6 7. Nc2 e6 8. Nc3 Be7 9. Rb1 0-0 10. Be3 Qc7 11. Be2 Rd8 12. 0-0 d5 13. cxd5 exd5 14. exd5 Be6 15. Qe1 Nxd5 16. Nxd5 Bxd5 17. b3 Re8 18. Qf2 Qa5 19. a4 Qc3 20. Rfc1 Bf8 21. Bb5 a6 22. Bd4 Qa5 23. Bb6 Qc3 24. Nd4 Qb4 25. Nxc6 bxc6 26. Bxc6 Bxc6 27. Rxc6 Rac8 28. Rxc8 Rxc8 29. Qd4 Qa3 30. Qd3 Qa2 31. Rf1 Rc2 32. Bf2 a5 1/2-1/2

[Event "Swiss Queens Wed #1"]
[Site "FIDE Online Arena INT"]
[Date "2024.01.31"]
[Round "5"]
[White "Injac, Teodora"]
[Black "Gunina, Valentina"]
[Result "1-0"]
[WhiteElo "2439"]
[BlackElo "2437"]
[PlyCount "89"]
[EventDate "2024.01.31"]
[EventType "swiss (blitz)"]
[EventRounds "11"]
[EventCountry "NET"]
[SourceTitle "CB06_2024"]
[SourceDate "2024.02.07"]
[SourceVersion "1"]
[SourceVersionDate "2024.02.07"]
[SourceQuality "1"]

1. Nf3 d5 2. g3 c6 3. Bg2 Bg4 4. 0-0 Nd7 5. h3 Bxf3 6. exf3 e6 7. f4 g6 8. d3 Bg7 9. Nd2 Ne7 10. Nf3 0-0 11. Re1 Nf5 12. c3 c5 13. Ne5 Qc7 14. Qe2 Rad8 15. Bd2 Rfe8 16. Rac1 b5 17. h4 h5 18. Bh3 a5 19. Nf3 Nd6 20. Ng5 Nf6 21. Qf3 c4 22. Re2 cxd3 23. Qxd3 Qc4 24. Qxc4 bxc4 25. Be3 Rb8 26. Bg2 Rb7 27. Rcc2 Reb8 28. Bd4 Nd7 29. Be3 Nf5 30. Bh3 Nxe3 31. fxe3 Nc5 32. e4 Nd3 33. exd5 exd5 34. Bg2 Rxb2 35. Bxd5 Bxc3 36. Bxf7+ Kg7 37. Bxc4 Rb1+ 38. Kh2 Nxf4 39. gxf4 Bf6 40. Bd5 Rd8 41. Ne6+ Kh6 42. Nxd8 Bxd8 43. Be4 Bxh4 44. Rc6 Rf1 45. Rxg6+ 1-0

[Event "Swiss Queens Wed #1"]
[Site "FIDE Online Arena INT"]
[Date "2024.01.31"]
[Round "7"]
[White "Injac, Teodora"]
[Black "Maltsevskaya, Aleksandra"]
[Result "1-0"]
[WhiteElo "2439"]
[BlackElo "2378"]
[PlyCount "87"]
[EventDate "2024.01.31"]
[EventType "swiss (blitz)"]
[EventRounds "11"]
[EventCountry "NET"]
[SourceTitle "CB06_2024"]
[SourceDate "2024.02.07"]
[SourceVersion "1"]
[SourceVersionDate "2024.02.07"]
[SourceQuality "1"]

1. Nf3 Nf6 2. c4 b6 3. g3 Bb7 4. Bg2 g6 5. 0-0 Bg7 6. d4 0-0 7. Re1 d6 8. Nc3 Ne4 9. Bd2 e5 10. Nxe4 Bxe4 11. Bc3 Nd7 12. d5 Bxf3 13. exf3 f5 14. b4 h5 15. a4 h4 16. a5 hxg3 17. fxg3 f4 18. axb6 fxg3 19. hxg3 axb6 20. Rxa8 Qxa8 21. Qc2 Qe8 22. Bh3 Rxf3 23. Be6+ Kf8 24. Kg2 Rf6 25. Bg4 Kg8 26. Bd2 Nf8 27. Bg5 Rf7 28. Rh1 e4 29. Re1 Qe5 30. Bf4 Qc3 31. Qxe4 Qxb4 32. Be6 Nxe6 33. dxe6 Re7 34. Bg5 Re8 35. Qxg6 Qxe1 36. Qxe8+ Kh7 37. Qh5+ Kg8 38. Qf7+ Kh7 39. e7 Qe2+ 40. Qf2 Qe4+ 41. Qf3 Qe6 42. Qe3 Be5 43. Qe4+ Kg7 44. Qd5 1-0

[Event "Swiss Queens Wed #1"]
[Site "FIDE Online Arena INT"]
[Date "2024.01.31"]
[Round "11"]
[White "Injac, Teodora"]
[Black "Shuvalova, Polina"]
[Result "1-0"]
[WhiteElo "2439"]
[BlackElo "2475"]
[PlyCount "69"]
[EventDate "2024.01.31"]
[EventType "swiss (blitz)"]
[EventRounds "11"]
[EventCountry "NET"]
[SourceTitle "CB06_2024"]
[SourceDate "2024.02.07"]
[SourceVersion "1"]
[SourceVersionDate "2024.02.07"]
[SourceQuality "1"]

1. Nf3 d5 2. g3 e6 3. Bg2 Nf6 4. 0-0 Be7 5. c4 0-0 6. d4 c6 7. Nc3 Nbd7 8. b3 b6 9. Qd3 Ba6 10. e4 dxc4 11. bxc4 e5 12. Ne2 Qc7 13. Qc2 Rfe8 14. Bb2 Bd6 15. Rfd1 Rad8 16. a4 exd4 17. Nfxd4 Ne5 18. Nf5 Bc5 19. h3 g6 20. Nh6+ Kg7 21. Ng4 Nfxg4 22. hxg4 f6 23. g5 Kf7 24. gxf6 Nxc4 25. Qb3 Kf8 26. Nf4 Bd6 27. Bf1 Bxf4 28. Bxc4 Bxc4 29. Qxc4 Bxg3 30. Rxd8 Rxd8 31. Bd4 Bh2+ 32. Kg2 c5 33. Be3 Be5 34. Bh6+ Ke8 35. Qe6+ 1-0

[Event "Swiss Queens Wed #1"]
[Site "FIDE Online Arena INT"]
[Date "2024.01.31"]
[Round "1"]
[White "Injac, Teodora"]
[Black "Travkina, Anastasia"]
[Result "1/2-1/2"]
[WhiteElo "2439"]
[BlackElo "2202"]
[PlyCount "162"]
[EventDate "2024.01.31"]
[EventType "swiss (blitz)"]
[EventRounds "11"]
[EventCountry "NET"]
[SourceTitle "CB06_2024"]
[SourceDate "2024.02.07"]
[SourceVersion "1"]
[SourceVersionDate "2024.02.07"]
[SourceQuality "1"]

1. d4 Nf6 2. Nf3 c5 3. d5 b5 4. Bg5 g6 5. Bxf6 exf6 6. e4 Bg7 7. Nbd2 a6 8. a4 b4 9. Bd3 d6 10. Nc4 a5 11. 0-0 Ba6 12. Nfd2 0-0 13. Ne3 Bxd3 14. cxd3 f5 15. Nec4 fxe4 16. dxe4 Qc7 17. Qf3 Nd7 18. Rae1 Ne5 19. Nxe5 Bxe5 20. Nc4 Bd4 21. Qg3 Rad8 22. b3 Rfe8 23. Kh1 Bc3 24. Re2 f5 25. Qd3 f4 26. g3 Rf8 27. Rc2 Bd4 28. Nd2 fxg3 29. Qxd4 Qd7 30. Qe3 gxh2 31. Kxh2 Qg4 32. f3 Qh5+ 33. Kg2 Qe5 34. Nc4 Qe7 35. Rcf2 Qh4 36. f4 Rf7 37. Qg3 Qe7 38. Qf3 Rdf8 39. e5 dxe5 40. Nxe5 Rf6 41. Qe4 Qd6 42. Nc4 Qd7 43. Qe3 Qg4+ 44. Qg3 Qh5 45. d6 Qd5+ 46. Qf3 Qf5 47. Ne5 Re6 48. d7 Rd8 49. Qg3 Rd6 50. Qe3 Rd4 51. Nc6 Qd5+ 52. Qf3 Rxd7 53. Qxd5+ R4xd5 54. Nxa5 Rd3 55. Rf3 Rd2+ 56. R1f2 Rd1 57. Nc6 Rb1 58. Ne5 Rdd1 59. Re3 Rg1+ 60. Kf3 Rh1 61. Ke4 Rhc1 62. Rd2 Rc3 63. Rxc3 bxc3 64. Rc2 Rxb3 65. Kd3 Ra3 66. Rxc3 Rxa4 67. Rc4 Ra3+ 68. Ke4 Ra5 69. Nd7 h5 70. Nxc5 Kh7 71. Nd3 Kh6 72. Ne5 Ra6 73. Rc3 h4 74. Rh3 g5 75. Nf7+ Kh5 76. Nxg5 Kg4 77. Rh1 Ra4+ 78. Ke5 Ra5+ 79. Ke4 Ra4+ 80. Ke3 Ra3+ 81. Ke4 Ra4+ 1/2-1/2

[Event "Wch Blitz (Women)"]
[Site "Samarkand"]
[Date "2023.12.29"]
[Round "1"]
[White "Franco Valencia, Angela Maria"]
[Black "Injac, Teodora"]
[Result "0-1"]
[WhiteElo "2095"]
[BlackElo "2447"]
[PlyCount "54"]
[EventDate "2023.12.29"]
[EventType "swiss (blitz)"]
[EventRounds "17"]
[EventCountry "UZB"]
[SourceTitle "CB01_2024"]
[SourceDate "2024.01.03"]
[SourceVersion "1"]
[SourceVersionDate "2024.01.03"]
[SourceQuality "1"]

1. e4 e5 2. Nf3 Nc6 3. Bc4 Bc5 4. c3 Nf6 5. d3 d6 6. a4 a6 7. b4 Ba7 8. 0-0 h6 9. Qb3 0-0 10. Be3 Bxe3 11. fxe3 Ne7 12. b5 axb5 13. Bxb5 c6 14. Bc4 b5 15. Bxb5 cxb5 16. Qxb5 Ba6 17. Qb3 Bxd3 18. Rf2 Nxe4 19. Rfa2 Rb8 20. Qd1 Bxb1 21. Rxb1 Nxc3 22. Rxb8 Qxb8 23. Qc2 Nxa2 24. Qxa2 Qb6 25. Qa3 Nd5 26. Kf2 Rb8 27. a5 Qb2+ 0-1

[Event "Wch Blitz (Women)"]
[Site "Samarkand"]
[Date "2023.12.29"]
[Round "8"]
[White "Injac, Teodora"]
[Black "Danielian, Elina"]
[Result "1/2-1/2"]
[WhiteElo "2447"]
[BlackElo "2396"]
[PlyCount "42"]
[EventDate "2023.12.29"]
[EventType "swiss (blitz)"]
[EventRounds "17"]
[EventCountry "UZB"]
[SourceTitle "CB01_2024"]
[SourceDate "2024.01.03"]
[SourceVersion "1"]
[SourceVersionDate "2024.01.03"]
[SourceQuality "1"]

1. Nf3 d6 2. d4 Bg4 3. c4 Bxf3 4. exf3 c6 5. Nc3 g6 6. h4 h5 7. Be3 Bg7 8. Be2 Nd7 9. Qc2 e6 10. d5 exd5 11. cxd5 c5 12. f4 Ne7 13. Bd3 a6 14. f5 gxf5 15. Bxf5 Nxf5 16. Qxf5 Qf6 17. Qe4+ Qe7 18. Qf5 Qf6 19. Qe4+ Qe7 20. Qf5 Qf6 21. Qe4+ Qe7 1/2-1/2

[Event "Wch Blitz (Women)"]
[Site "Samarkand"]
[Date "2023.12.29"]
[Round "2"]
[White "Injac, Teodora"]
[Black "Lesbekova, Asel"]
[Result "1-0"]
[WhiteElo "2447"]
[BlackElo "1805"]
[PlyCount "123"]
[EventDate "2023.12.29"]
[EventType "swiss (blitz)"]
[EventRounds "17"]
[EventCountry "UZB"]
[SourceTitle "CB01_2024"]
[SourceDate "2024.01.03"]
[SourceVersion "1"]
[SourceVersionDate "2024.01.03"]
[SourceQuality "1"]

1. Nf3 d5 2. g3 e6 3. Bg2 Nf6 4. d4 c5 5. c4 Nc6 6. cxd5 Nxd5 7. 0-0 Be7 8. Nc3 cxd4 9. Nxd5 exd5 10. Nxd4 0-0 11. Bf4 Bf6 12. Nxc6 bxc6 13. Qc2 Qb6 14. Rab1 Ba6 15. Rfc1 Bb7 16. Bd6 Rfe8 17. Bc5 Qb5 18. e3 Ba6 19. h4 Qd3 20. Bf1 Qxc2 21. Rxc2 Bxf1 22. Kxf1 Re6 23. Rbc1 a6 24. b3 Be5 25. Bb6 Rc8 26. b4 Kf8 27. a4 Ke7 28. Rc5 Rd6 29. f4 Bb2 30. R1c2 Bf6 31. Ra5 Kd7 32. Bc5 Re6 33. Rxa6 Rc7 34. Kf2 Re4 35. Kf3 h5 36. a5 Be7 37. Bxe7 Rxe7 38. Rb6 Re8 39. Rc5 Ra8 40. b5 cxb5 41. Rxd5+ Ke7 42. Re5+ Kd7 43. Rexb5 Rca7 44. Rxh5 Rxa5 45. Rb7+ Ke6 46. Rxa5 Rxa5 47. g4 g6 48. Rb6+ Ke7 49. g5 Ra1 50. Rc6 Kf8 51. e4 Ra3+ 52. Kg4 Re3 53. Rc4 Re1 54. f5 Rg1+ 55. Kf4 Rh1 56. Ke5 Kg7 57. Rc7 Rxh4 58. f6+ Kg8 59. Rc8+ Kh7 60. Rf8 Rh1 61. Rxf7+ Kg8 62. Rg7+ 1-0